<?xml version="1.0" encoding="UTF-8"?>
<record
    xmlns:xsi="http://www.w3.org/2001/XMLSchema-instance"
    xsi:schemaLocation="http://www.loc.gov/MARC21/slim http://www.loc.gov/standards/marcxml/schema/MARC21slim.xsd"
    xmlns="http://www.loc.gov/MARC21/slim">

  <leader>01545nam a2200205 a 4500</leader>
  <controlfield tag="008">190917e2014    ag  |||g |||| 001 0 spa d</controlfield>
  <datafield tag="020" ind1=" " ind2=" ">
    <subfield code="a">9789873360985</subfield>
  </datafield>
  <datafield tag="041" ind1=" " ind2=" ">
    <subfield code="a">spa</subfield>
  </datafield>
  <datafield tag="092" ind1=" " ind2=" ">
    <subfield code="c">861</subfield>
    <subfield code="l">92</subfield>
    <subfield code="s">VIT</subfield>
  </datafield>
  <datafield tag="100" ind1="1" ind2=" ">
    <subfield code="a">Vitarelli, Maria Beatriz</subfield>
    <subfield code="9">3486</subfield>
  </datafield>
  <datafield tag="245" ind1=" " ind2="4">
    <subfield code="a">Los reflejos de la meseta /</subfield>
    <subfield code="c">Maria Beatriz Vitarelli</subfield>
  </datafield>
  <datafield tag="250" ind1=" " ind2=" ">
    <subfield code="a">1a ed.</subfield>
  </datafield>
  <datafield tag="260" ind1=" " ind2=" ">
    <subfield code="a">Neuqu&#xE9;n:</subfield>
    <subfield code="b">el autor;</subfield>
    <subfield code="c">2014.</subfield>
  </datafield>
  <datafield tag="300" ind1=" " ind2=" ">
    <subfield code="a">100 p.</subfield>
    <subfield code="c">14,5x21 cm.</subfield>
  </datafield>
  <datafield tag="500" ind1=" " ind2=" ">
    <subfield code="a">Vitarello, M. B. (2014). Los reflejos de la meseta. (1a ed.). Neuqu&#xE9;n : el autor.</subfield>
  </datafield>
  <datafield tag="505" ind1=" " ind2=" ">
    <subfield code="a">La obra po&#xE9;tica de Irma Cu&#xF1;a (1932-2004) supo conjugar con suma fineza un universo l&#xED;rico donde diversas voces lograron conformar una visi&#xF3;n m&#xFA;ltiple de los mundos que habitaban a esta gran escritora, docente e investigadora neuquina. As&#xED;, desde esa complicidad silenciosa  que parec&#xED;a susurrarle la meseta patag&#xF3;nica en las inaugurales p&#xE1;ginas de Neuquina, hasta el halo m&#xED;stico que insinuaron sus &#xFA;ltimos poemas en Salmos, la obra de Irma Cu&#xF1;a trascendi&#xF3; las fronteras regionales y nacionales para dar testimonio de un discurso l&#xED;rico que, adem&#xE1;s de pronunciarse en una b&#xFA;squeda incesante de esa otredad que la esperanzaba, hac&#xED;a del hecho po&#xE9;tico una estrategia sublime para proyectarse m&#xE1;s all&#xE1; de los l&#xED;mites de un horizonte formalmente permitido. Sin duda, una configuraci&#xF3;n ut&#xF3;pica que podr&#xED;a resumir la intencionalidad que atesoraba su palabra en el poema. </subfield>
  </datafield>
  <datafield tag="590" ind1=" " ind2=" ">
    <subfield code="a"> Proyecto 4to libro, donacion Maria Vitarelli Diciembre 2017.</subfield>
  </datafield>
  <datafield tag="655" ind1=" " ind2=" ">
    <subfield code="a">Literatura</subfield>
    <subfield code="9">2917</subfield>
  </datafield>
  <datafield tag="942" ind1=" " ind2=" ">
    <subfield code="2">ddc</subfield>
    <subfield code="c">LIT</subfield>
  </datafield>
  <datafield tag="999" ind1=" " ind2=" ">
    <subfield code="c">2640</subfield>
    <subfield code="d">2640</subfield>
  </datafield>
  <datafield tag="952" ind1=" " ind2=" ">
    <subfield code="0">0</subfield>
    <subfield code="1">0</subfield>
    <subfield code="2">ddc</subfield>
    <subfield code="4">0</subfield>
    <subfield code="7">0</subfield>
    <subfield code="a">BFM</subfield>
    <subfield code="b">BFM</subfield>
    <subfield code="c">CR</subfield>
    <subfield code="d">2018-02-06</subfield>
    <subfield code="e">Donaci&#xF3;n Maria Vitarelli, diciembre 2017</subfield>
    <subfield code="l">0</subfield>
    <subfield code="o">861 92 VIT</subfield>
    <subfield code="p">4145</subfield>
    <subfield code="r">2018-02-06</subfield>
    <subfield code="t">Ej. 1</subfield>
    <subfield code="w">2018-02-06</subfield>
    <subfield code="y">LIT</subfield>
    <subfield code="z">Proyecto 4to libro. Donaci&#xF3;n Maria Vitarelli, diciembre 2017</subfield>
  </datafield>
  <datafield tag="952" ind1=" " ind2=" ">
    <subfield code="0">0</subfield>
    <subfield code="1">0</subfield>
    <subfield code="2">ddc</subfield>
    <subfield code="4">0</subfield>
    <subfield code="7">0</subfield>
    <subfield code="a">BFM</subfield>
    <subfield code="b">BFM</subfield>
    <subfield code="c">CR</subfield>
    <subfield code="d">2018-02-06</subfield>
    <subfield code="e">Donaci&#xF3;n Maria Vitarelli, diciembre 2017</subfield>
    <subfield code="l">0</subfield>
    <subfield code="o">861 92 VIT</subfield>
    <subfield code="p">4155</subfield>
    <subfield code="r">2018-02-06</subfield>
    <subfield code="t">Ej. 2</subfield>
    <subfield code="w">2018-02-06</subfield>
    <subfield code="y">LIT</subfield>
    <subfield code="z">Proyecto 4to libro. Donaci&#xF3;n Maria Vitarelli, diciembre 2017</subfield>
  </datafield>
</record>
